|
|
|
|
| LEADER |
01138nam a2200325 a 4500 |
| 001 |
AAL9157 |
| 003 |
BD-DhAAL |
| 005 |
20171007121900.0 |
| 008 |
020603t20021985enk d 000 1 eng d |
| 999 |
|
|
|c 38415
|d 38415
|
| 020 |
|
|
|a 1740306384
|
| 020 |
|
|
|a 8172234880
|
| 020 |
|
|
|a 174030683X
|
| 020 |
|
|
|a 0753166623
|
| 020 |
|
|
|a 0753166631
|z 1740306348 (hbk., Bolinda)
|
| 035 |
|
|
|a 195570
|
| 040 |
|
|
|a VALP
|b eng
|d BD-DhAAL
|
| 082 |
0 |
4 |
|a 813.54
|2 21
|
| 100 |
1 |
|
|a Sheldon, Sidney,
|d 1917-
|9 22420
|
| 245 |
1 |
0 |
|a If tomorrow comes /
|c Sidney Sheldon.
|
| 250 |
|
|
|a Large print ed.
|
| 260 |
|
|
|a Oxford :
|a New Delhi :
|b Compass ;
|a Melbourne :
|a HarperCollins Publishers,
|b Bolinda,
|c 2002, 2003, c1985.
|
| 300 |
|
|
|a 501 p. ;
|c 18 cm.
|
| 541 |
|
|
|e 9157
|
| 650 |
|
0 |
|a Revenge
|v Fiction.
|9 22421
|
| 655 |
|
7 |
|a Adventure stories.
|2 gsafd
|9 22422
|
| 655 |
|
7 |
|a Large print books.
|2 lcsh
|9 22423
|
| 852 |
|
|
|a Savar Campus Library
|c General Shelf
|
| 942 |
|
|
|2 ddc
|c BK
|
| 952 |
|
|
|0 0
|1 0
|2 ddc
|4 0
|6 813_540000000000000_SHE
|7 0
|9 61527
|a SCL
|b SCL
|c GEN
|d 2017-10-07
|e Tajin Boi Ghar
|g 150.00
|l 7
|m 35
|o 813.54 SHE
|p 3020009157
|r 2020-03-10
|s 2020-01-16
|t 1
|w 2017-10-07
|y BK
|